| 000 | 00370nam a2200145Ia 4500 | ||
|---|---|---|---|
| 008 | 240624s9999 xx 000 0 und d | ||
| 041 | _aeng | ||
| 082 | _a330.01 HOL | ||
| 100 | _aHOLT CHARLES A | ||
| 245 | _aMARKETS GAMES AND STRATEGIC BEHAVIOR AN | ||
| 250 | _a(2nd ed.) | ||
| 260 |
_c2019 _aUniversity Press,2019 |
||
| 300 | _axvi, 677 p.; 23 cm. | ||
| 365 |
_c _b30 |
||
| 999 |
_c31914 _d31914 |
||